Statistics for American Shape to Flag Click Quiz

Click here to take the quiz!

General Stats

  • This quiz has been taken 191 times
  • The average score is 23 of 35

Answer Stats

HintAnswer% Correct
85%
84%
83%
82%
81%
80%
79%
75%
72%
72%
68%
68%
68%
66%
65%
65%
63%
63%
62%
62%
62%
62%
61%
60%
60%
60%
59%
57%
57%
57%
53%
52%
51%
49%
42%

Score Distribution

Percentile by Number Answered

Percent of People with Each Score

Your Score History

You have not taken this quiz